000 00713nam a2200205Ia 4500
999 _c40184
_d40184
001 6790
003 GE_BSU
005 20200113160758.0
008 181216s1966||||g |||||||||||||| ||geo||
040 _cGE_BSU
041 _ageo
080 _a821.353.1-32 გ-59
100 _aგოგიავა, კლიმენტი.
_95998
245 _aკაცი მიუშვი ნებასა :
_bმოთხრობა /
_cკლიმენტი გოგიავა.
264 _aსოხუმი.
_bალაშარა.
_c1966.
300 _a225 გვ. ;
_e17 სმ.
653 _aკაცი მიუშვი ნებასა
653 _aმოთხრობა
942 _cBK
_2udc